<?xml version="1.0" encoding="UTF-8"?>
<collection xmlns="http://www.loc.gov/MARC21/slim">
<record>
  <controlfield tag="001">2033</controlfield>
  <datafield tag="088" ind1=" " ind2=" ">
    <subfield code="a">0628</subfield>
  </datafield>
  <datafield tag="520" ind1=" " ind2=" ">
    <subfield code="a">Henry and Elizabeth Klier.  Elizabeth-Margaret-Henry.  Early owners of the now Star Bakery about 1910.  Brought in by Georgia Burton, 8/10/1978</subfield>
  </datafield>
  <datafield tag="980" ind1=" " ind2=" ">
    <subfield code="a">43905848739</subfield>
  </datafield>
  <datafield tag="960" ind1=" " ind2=" ">
    <subfield code="a">hc</subfield>
  </datafield>
</record>
</collection>